000 00368nam a2200145Ia 4500
008 230917s9999||||xx |||||||||||||| ||und||
040 _e74104
_aMAIN
041 _aEnglish
082 _a332.4954 C393B
100 _aChoudhary, C M
245 0 _aBank rate and credit control in India
260 _aDelhi
_bAmar Prakashan
_c1984
300 _aviii, 183 p.
942 _cBK
999 _c46484
_d46484